Famous places - Statistics

General Stats
  • This quiz has been taken 22 times
  • The average score is 11 of 16
Answer Stats
Picture Answer % Correct
paris
100%
moscow
95%
sydney
95%
tokyo
95%
washington dc
89%
amsterdam
79%
athens
79%
istanbul
79%
dubai
74%
kuala lumpur
74%
rome
68%
toronto
68%
barcelona
63%
mecca
42%
shanghai
42%
rio de janerio
5%
No matching quizzes found
Score Distribution
Percent of People with Each Score
Percentile by Number Answered
Your Score History
You have not taken this quiz